The Least Developed Countries:Introducing to the LDCs and to the Substancial New Programme of Action for them (Record no. 13489)
[ view plain ]
| 000 -LEADER | |
|---|---|
| fixed length control field | 00331nam a22001097a 4500 |
| 020 ## - INTERNATIONAL STANDARD BOOK NUMBER | |
| International Standard Book Number | xxxxxxxxxx |
| 082 ## - DEWEY DECIMAL CLASSIFICATION NUMBER | |
| Classification number | REF 330.91724 LEA |
| 245 ## - TITLE STATEMENT | |
| Title | The Least Developed Countries:Introducing to the LDCs and to the Substancial New Programme of Action for them |
| 260 ## - PUBLICATION, DISTRIBUTION, ETC. | |
| Place of publication, distribution, etc. | New York |
| Name of publisher, distributor, etc. | UN |
| Date of publication, distribution, etc. | 1985 |
| 300 ## - PHYSICAL DESCRIPTION | |
| Extent | ix,157p |
| Other physical details | ill.;22cm |
| 942 ## - ADDED ENTRY ELEMENTS (KOHA) | |
| Koha item type | Books |
| Withdrawn status | Lost status | Damaged status | Not for loan | Collection code | Home library | Current library | Shelving location | Date acquired | Total Checkouts | Full call number | Barcode | Date last seen | Price effective from | Koha item type |
|---|---|---|---|---|---|---|---|---|---|---|---|---|---|---|
| Reference | IFM Main Campus Library | IFM Main Campus Library | Archival Collection | 11/06/2015 | REF 330.91724 LEA | 0000009124 | 11/06/2015 | 02/19/2022 | Reference |
